00401nam a2200109Ia 4500008004100000082000800041100001900049245010500068942000600173952009700179999001500276240331s9999 xx 000 0 und d bANT aKater, A,. ed  0aAnthropologists approaching education :bpapers presented at the symposium anthropology of education cL 001040708LaWERCLbWERCLcSSCd2024-03-31l0o 370.19 ANTp673r2024-03-31w2024-03-31yL c3112d3112